Normal view MARC view
  • Sociology

Entry Topical Term

Number of records used in: 1

001 - CONTROL NUMBER

  • control field: 53026

003 - CONTROL NUMBER IDENTIFIER

  • control field: OSt

005 - DATE AND TIME OF LATEST TRANSACTION

  • control field: 20220806104458.0

008 - FIXED-LENGTH DATA ELEMENTS

  • fixed length control field: 220806|| aca||aabn | a|a d

040 ## - CATALOGING SOURCE

  • Original cataloging agency: OSt
  • Transcribing agency: OSt

150 ## - HEADING--TOPICAL TERM

  • Topical term or geographic name entry element: Sociology

670 ## - SOURCE DATA FOUND

  • Source citation: Work cat.: (OSt)30734: कुलकर्णी अ.रा. 53025, महाराष्ट्र समाज आणि संस्‍कृती, 2011